000 00774cam a2200217 a 4500
020 _a0803940912
020 _a0803940920 (pbk.)
040 _cDLC
082 0 0 _a300 SAG 1991 A075 Or.
245 0 0 _aReplication research in the social sciences /
260 _aNewbury Park :
_bSage Publications,
_cc1991.
300 _a517 p. :
_bill. ;
_c23 cm.
500 _a"Originally published as a special issue of the Journal of social behavior and personality."
650 0 _aSocial sciences
650 0 _aSocial sciences
650 0 _aReplication (Experimental design)
700 1 _aNeuliep, James William,
856 4 2 _uhttp://www.loc.gov/catdir/enhancements/fy0655/90024581-d.html
856 4 1 _uhttp://www.loc.gov/catdir/enhancements/fy0655/90024581-t.html
942 _cEK
999 _c15352
_d15352